Importancia de la prueba en la responsabilidad por el riesgo o vicio de la cosa según la prescripción del artículo 40 de la LDC (Registro nro. 30402)

Detalles MARC
000 -LEADER
fixed length control field 00464 a2200121 4500
001 - CONTROL NUMBER
control field ART_28326
005 - DATE AND TIME OF LATEST TRANSACTION
control field 20260410161951.0
008 - FIXED-LENGTH DATA ELEMENTS--GENERAL INFORMATION
fixed length control field 260409a
100 1# - MAIN ENTRY--PERSONAL NAME
Personal name Graziabile, Darío J.
245 10 - TITLE STATEMENT
Title Importancia de la prueba en la responsabilidad por el riesgo o vicio de la cosa según la prescripción del artículo 40 de la LDC
700 1# - ADDED ENTRY--PERSONAL NAME
Personal name Almada, Sebastián E.
773 0# - HOST ITEM ENTRY
Title Temas de derecho comercial
Related parts - Año 1, Nº 3 (mar. 2015)
Record control number REV28151

No hay ítems disponibles.